00386nam a2200133Ia 4500008004100000100002100041245001600062260000900078300003000087440002400117650002000141999001900161952007200180180117s9999 xx 000 0 und d aby Jullie Y Daza aMedium rare c2017 a18-20 pages, 2017 April 9 aPhilippine Panorama aDIG IN, LADIES! c353599d353599 001040aCLbCLd2018-01-17l0r2018-01-17 00:00:00w2018-01-17ySE